000 00481nam a2200205Ia 4500
003 0100
008 130303s9999 xx 000 0 und d
020 _a195118219
040 _cARRUPELIB
050 _aP96.V52U68 1998
245 _aWhy we watch
245 _bthe attractions of violent entertainment
260 _aNew York
260 _bOxford U.P.
260 _C1998
300 _ax
300 _b 270p. 24cm.
700 _aGoldstein, Jeffrey H. (ed.)
942 0 0 _01
999 _c15660
_d15660